|
|
|
|
| LEADER |
00000nlm0a2200000 4500 |
| 001 |
637715 |
| 005 |
20231101133957.0 |
| 029 |
1 |
0 |
|a RU
|b 2547048
|c Пат.
|d МПК B 23 K 9/09
|d МПК B 23 K 9/073
|
| 035 |
|
|
|a (RuTPU)RU\TPU\network\1883
|
| 035 |
|
|
|a RU\TPU\network\1879
|
| 039 |
0 |
|
|a RU
|b 2013129604/02
|c 20130627
|
| 090 |
|
|
|a 637715
|
| 100 |
|
|
|a 20141013j20150410k y0rusy50 ca
|
| 101 |
0 |
|
|a rus
|
| 102 |
|
|
|a RU
|
| 105 |
|
|
|a a k 000zy
|
| 135 |
|
|
|a drmn ---uucaa
|
| 181 |
|
0 |
|a i
|
| 182 |
|
0 |
|a b
|
| 200 |
1 |
|
|a Устройство для сварки
|f А. Ф. Князьков [и др.]
|g Национальный исследовательский Томский политехнический университет (ТПУ)
|
| 203 |
|
|
|a Текст
|c электронный
|
| 300 |
|
|
|a опубл. 10.04.15
|
| 330 |
|
|
|a Устройство относится к технологическим процессам, в частности, к электродуговой сварке плавлением.
|
| 610 |
1 |
|
|a патенты
|
| 610 |
1 |
|
|a труды учёных ТПУ
|
| 610 |
1 |
|
|a изобретения
|
| 610 |
1 |
|
|a устройства
|
| 610 |
1 |
|
|a электродуговая сварка
|
| 610 |
1 |
|
|a сварка плавлением
|
| 610 |
1 |
|
|a технологические процессы
|
| 701 |
|
1 |
|a Князьков
|b А. Ф.
|c российский ученый, специалист в области сварки
|c доцент Института неразрушающего контроля Томского политехнического университета
|c доцент Юргинского технологического института (филиал) Томского политехнического университета
|f 1939-
|g Анатолий Фёдорович
|2 stltpush
|3 (RuTPU)RU\TPU\pers\27411
|
| 701 |
|
1 |
|a Мусин
|b А. И.
|
| 701 |
|
1 |
|a Яценко
|b К. А.
|
| 701 |
|
1 |
|a Князьков
|b С. А.
|
| 712 |
0 |
2 |
|a Национальный исследовательский Томский политехнический университет (ТПУ)
|b Институт неразрушающего контроля (ИНК)
|b Кафедра оборудования и технологии сварочного производства (ОТСП)
|h 77
|2 stltpush
|3 (RuTPU)RU\TPU\col\18708
|
| 801 |
|
1 |
|a RU
|b 63413507
|c 20120201
|
| 801 |
|
2 |
|a RU
|b 63413507
|c 20160608
|g RCR
|
| 856 |
4 |
|
|u http://www.fips.ru/Archive/PAT/2015FULL/2015.04.10/DOC/RUNWC2/000/000/002/547/048/document.pdf
|
| 942 |
|
|
|c CF
|